Optimising fertiliser production, distribution and usage: FAI seminar 1991. Proceedings of the the seminar at Delhi. Nov 1991 (Record no. 43575)

MARC details
000 -LEADER
fixed length control field 00367nam a2200109Ia 4500
082 ## - DEWEY DECIMAL CLASSIFICATION NUMBER
Classification number 631.4
Item number FAI
245 #0 - TITLE STATEMENT
Title Optimising fertiliser production, distribution and usage: FAI seminar 1991. Proceedings of the the seminar at Delhi. Nov 1991
260 ## - PUBLICATION, DISTRIBUTION, ETC. (IMPRINT)
Place of publication Delhi
Name of publisher FAI
Year of publication 1991
650 ## - SUBJECT ADDED ENTRY--TOPICAL TERM
Topical Term Fertiliser production
942 ## - ADDED ENTRY ELEMENTS (KOHA)
Koha item type Books
Holdings
Withdrawn status Lost status Damaged status Not for loan Home library Current library Date acquired Source of acquisition Full call number Accession Number Koha item type
        RRII Library RRII Library 16/12/2021 Gift 631.4 FAI G00327 Books